| 000 | 01848nam0a2200325 4500 | ||
|---|---|---|---|
| 001 | RU\NLR\bibl\601985 | ||
| 005 | 20250610142440.0 | ||
| 010 |
_a5-8135-0228-9 _9100 |
||
| 021 |
_aRU _b2004-68973 _93400 |
||
| 035 | _a(NLR Aleph) 000593921 | ||
| 090 |
_a1730566 _c1730566 |
||
| 100 | _a20050126d2004 |||y0rusy50 ca | ||
| 101 | 0 | _arus | |
| 102 | _aRU | ||
| 105 | _aa ||||||||| | ||
| 200 | 1 |
_aЭкологические основы биотехнологии _eУчеб. _eДля студентов вузов, обучающихся по специальности 260300 "Технология хим. перераб. древесины" _fА.Д. Неклюдов, А.Н. Иванкин _gМ-во образования Рос. Федерации, Гос. образоват. учреждение проф. образования Моск. гос. ун-т леса |
|
| 210 |
_aМ. _cМГУЛ _d2004 |
||
| 215 |
_a415 с. _cил. _d21 |
||
| 300 | _aНа обороте тит. л. авт.: А.Д. Неклюдов, д.х.н., проф., А.Н. Иванкин, д.х.н., проф. | ||
| 320 | _aБиблиогр.: с. 411 (15 назв.) | ||
| 606 | 0 |
_aБиотехнология _jРуководства, пособия и т.п. для высшей школы _xЭкологические основы _92284726 _3RU\NLR\auth\661368644 |
|
| 606 | 0 |
_aБиотехнология _jУчебники для высших учебных заведений _xЭкологические основы _92284726 _3RU\NLR\auth\661368644 |
|
| 686 | _aЛ67-1я73-1 | ||
| 700 | 1 |
_aНеклюдов _bА. Д. _f1937- _gАндрей Дмитриевич _4070 |
|
| 701 | 1 |
_aИванкин _bА. Н. _f1955- _gАндрей Николаевич _4070 |
|
| 801 | 0 |
_aRU _bNLR _c20050126 _grcr |
|
| 801 | 1 |
_aRU _bNLR _c20050126 |
|
| 942 | _cBOOK | ||
| 980 | _aNB | ||